Notas bibliograficas. separata de la revista recesiones no. 12-14. /
Guardado en:
| Autor Principal: | |
|---|---|
| Formato: | Libro |
| Publicado: |
Maracaibo :
Centro De Investigaciones Humanisticas De La Facultad Dehuman, 0
|
| Materias: | |
| Etiquetas: |
Agregar Etiqueta
Sin Etiquetas, Sea el primero en etiquetar este registro!
|
| LEADER | 00549nam a22001455a 4500 | ||
|---|---|---|---|
| 001 | EHU.bham000173 | ||
| 003 | AR-BHAM | ||
| 005 | 20070305183042.0 | ||
| 008 | 130507b######################000#0#####d | ||
| 082 | 0 | 1 | |a 016.164 |
| 100 | 1 | |a Battistella, Ernesto H. | |
| 245 | 1 | 0 | |a Notas bibliograficas. separata de la revista recesiones no. 12-14. / |c Ernesto H. Battistella. |
| 260 | |a Maracaibo : |b Centro De Investigaciones Humanisticas De La Facultad Dehuman, 0 | ||
| 653 | |a Bibliografia sobre logica | ||
| 859 | |a AR-BHAM |b BIB. HUMANIDADES - General |h 016.164 |i B322 |p 196.81 |t Ej.1 | ||
